000 00641nam a2200193Ia 4500
003 GCL
008 140319s9999 xx 000 0 ara d
040 _aGCL /
_cGCL
082 0 4 _a782.1
_bا ت
100 1 _aاحمد لطفى
245 1 0 _aترجمة كاملة للنص المسرحى لاوبرا عايدة فى اربعة فصول /
_cاحمد لطفى
260 _a[S.N] :
_bالمركز الثقافى القومى - دار الاوبرا المصري ،
_c1992
300 _a87 ص
490 _a
650 0 4 _aالمسرحيات
650 0 4 _aالاوبرا
650 0 4 _aالاعمال الموسيقية
942 _2ddc
_cBK
999 _c36085
_d36085